Marco Civil da Internet. Anotaė̳s ̉Lei nð 12.965/2014

Bibliographic Details
Main Author: Roberto Vancim, Adriano
Other Authors: Frachone Neves, Fernando
Format: Book
Language:Portuguese
Published: Brasil Editora Mundo Jurd̕ico 2015
Subjects:
Online Access:Acceso restringido

MARC

LEADER 00000nam a22000007a 4500
005 2016022303353.0
007 cr|z|| ||u|
008 160223s2015 bl ||||| |||| 00||0 por d
020 |a 978-85-8085-067-3 
035 |a 13098 
040 |a vLex 
090 |c 5910  |d 5910 
100 1 |a Roberto Vancim, Adriano 
245 1 0 |a Marco Civil da Internet. Anotaė̳s ̉Lei nð 12.965/2014  |h [Recurso electrn̤ico] /  |c Adriano Roberto Vancim  
256 |a Servicio en ln̕ea 
260 |a Brasil  |b Editora Mundo Jurd̕ico  |c 2015 
300 |a 1 recurso electrn̤ico (Segunda Edicin̤. 171 Pg̀inas.)  
506 1 |a Contenido solo disponible en los productos indicados  |d vLex Global  |d vLex Global (Academic Edition, excluding Law Schools)  |d vLex Global (U.S. Academic Edition, Law Schools)  |d vLex Global (U.S. Academic Edition, excluding Law Schools)  |d vLex Global (Academic Edition, Law Schools) 
650 0 4 |a Derecho civil   |z Brasil  
700 1 |a Frachone Neves, Fernando 
740 0 |a vLex libros (servicio en ln̕ea)  
856 4 0 |u http://vlex.com/source/marco-civil-internet-anota-es-lei-n-12-965-2014-13098  |z Acceso restringido  
942 |c BOOK 
999 0 |a Civil Law